Detalles MARC
| 000 -LÍDER |
| Campo fijo de descripción fija |
01967nam a2200421 i 4500 |
| 001 - NÚMERO DE CONTROL |
| Campo de control |
768714001 |
| 003 - IDENTIFICADOR DEL NÚMERO DE CONTROL |
| Campo de control |
CO-MdFUSB |
| 005 - FECHA Y HORA DE LA ULTIMA TRANSACCIÓN |
| control field |
20230925095056.0 |
| 007 - CAMPO FIJO DE DESCRIPCIÓN FIJA--INFORMACIÓN GENERAL |
| Campo fijo de descripción fija |
ta |
| 008 - ELEMENTOS DE LONGITUD FIJA -- INFORMACIÓN GENERAL |
| Campo fijo de descripción fija -- Información general |
180508t1957 -us |||| |||| 00| 0 eng d |
| 020 ## - NÚMERO INTERNACIONAL NORMALIZADO PARA LIBROS |
| Información adicional |
[No incluye ISBN] |
| 040 ## - FUENTE DE CATALOGACIÓN |
| Agencia de catalogación original |
CO-MdFUSB |
| Idioma de catalogación |
spa |
| Agencia que realiza la transcripción |
CO-MdFUSB |
| Agencia que realiza la modificación |
CO-MdFUSBC |
| Convenciones de la descripción |
rda |
| 041 0# - CÓDIGO DE IDIOMA |
| Código de idioma para texto/pista de sonido o título separado |
eng |
| 082 04 - NÚMERO DE CLASIFICACIÓN DECIMAL DEWEY |
| Número de clasificación |
230 |
| Número de la edición del Dewey |
23 |
| Clave de autor-Numero de item |
C168m |
| 100 1# - ASIENTO PRINCIPAL--NOMBRE PERSONAL |
| Nombre personal |
Calvino, Juan (1509-1564) |
| Término relacionador |
autor |
| 245 #0 - TÍTULO |
| Título del Material |
Institutes of the christian religion |
| Mención de responsabilidad, etc. |
/ John Calvin ; traducido por Henry Beveridge |
| 264 #1 - PRODUCCIÓN, PUBLICACIÓN, DISTRIBUCIÓN, MANUFACTURA, Y COPYRIGHT |
| Lugar de producción, publicación, distribución, manufactura |
Grand Rapids, MI., USA : |
| Nombre del productor, publicador, distribuidor |
Eerdmans, |
| Fecha de producción, publicación, distribución, manufactura, o copyright |
[1957] |
| 264 #4 - PRODUCCIÓN, PUBLICACIÓN, DISTRIBUCIÓN, MANUFACTURA, Y COPYRIGHT |
| Fecha de producción, publicación, distribución, manufactura, o copyright |
©1957 |
| 300 ## - DESCRIPCIÓN FÍSICA |
| Extensión |
704 páginas |
| Dimensiones |
; 23 cm |
| 336 ## - TIPO DE CONTENIDO |
| Fuente |
rdacontent |
| Término de tipo de contenido |
texto |
| Código de tipo de contenido |
txt |
| 337 ## - TIPO DE MEDIO |
| Fuente |
rdamedia |
| Nombre del tipo de medio |
sin mediación |
| Código del tipo de medio |
n |
| 338 ## - TIPO DE SOPORTE |
| Fuente |
rdacarrier |
| Nombre del tipo de soporte |
volumen |
| Código Tipo de soporte |
nc |
| 505 ## - NOTA DE CONTENIDO |
| Título |
Contenidos Del Primer Volumen: <br/> |
| Nota de contenido con formato preestablecido |
<br/> |
| 505 ## - NOTA DE CONTENIDO |
| Título |
Libro Primero. |
| Nota de contenido con formato preestablecido |
Del Conocimiento De Dios Creador. -- El Argumento |
| 505 ## - NOTA DE CONTENIDO |
| Título |
Libro Segundo. |
| Nota de contenido con formato preestablecido |
Del Conocimiento De Dios redentor, en Cristo. -- Como manifestado primero a los padres bajo la ley, y después a nosotros. -- Bajo el evangelio. -- El argumento |
| 505 ## - NOTA DE CONTENIDO |
| Título |
Libro Tercero. |
| Nota de contenido con formato preestablecido |
El modo de obtener la gracia de Cristo: Los beneficios que confiere y los efectos que resultan de eso. -- El argumento. <br/> |
| 505 ## - NOTA DE CONTENIDO |
| Título |
Contenidos del segundo volumen: |
| 505 ## - NOTA DE CONTENIDO |
| Título |
Libro tercero - continúa. |
| Nota de contenido con formato preestablecido |
El modo de obtener la gracia de Cristo. -- Los beneficios que confiere, y los efectos que de ella confiere. |
| 505 ## - NOTA DE CONTENIDO |
| Título |
Libro cuarto: |
| Nota de contenido con formato preestablecido |
De la santa iglesia católica. -- El argumento. |
| 505 ## - NOTA DE CONTENIDO |
| Título |
Cien aforismos que contienen, dentro de un ámbito estrecho, la sustancia y orden de los cuatro libros de los institutos de la religión cristiana. |
| 563 ## - NOTA DE ENCUADERNACIÓN |
| Nota de encuadernación |
Pasta dura |
| 650 #0 - ASIENTO SECUNDARIO DE MATERIA - TERMINO TEMÁTICO |
| Término temático o nombre geográfico como elemento de entrada |
Teología dogmática |
| 9 (RLIN) |
1260 |
| Subdivisión general |
Historia |
| Subdivisión cronológica |
Edad Media, 600-1500 |
| 653 ## - TÉRMINO DE INDIZACIÓN - NO CONTROLADO |
| Término no controlado |
Teología dogmática - Primeras obras hasta 1800 |
| 700 ## - ASIENTO SECUNDARIO - NOMBRE PERSONAL |
| 9 (RLIN) |
8491 |
| Nombre personal |
Beveridge, Henry, |
| Responsabilidad |
traductor |
| 942 ## - TIPO DE MATERIAL (KOHA) |
| Tipo de Item KOHA |
Libros General |
| 945 ## - INFORMACIÓN LOCAL DEL REGISTRO |
| Catalogador |
JTF-925 |